000 00547nam a2200229Ia 4500
003 OSt
005 20220924152425.0
006 a|||||r|||| 00| 0
007 ta
008 220923b |||||||| |||| 00| 0 mar d
024 _a342500
037 _cTextual
040 _aARTS
_cARTS
_bmar
041 _2mar
_amar
082 _aV235.K1, 155C9
100 _aGadre
_9226666
245 0 _aPyadjacha pharji
260 _c1899
650 _aHISTORY
942 _hV235.K1, 155C9
_cTEXL
_2CC
999 _c469817
_d469817